UM Logo

Globe, UM for a partner campus digital. (Record no. 15235)

MARC details
000 -LEADER
fixed length control field 00336nam a22001097a 4500
008 - FIXED-LENGTH DATA ELEMENTS--GENERAL INFORMATION
fixed length control field 200306b ||||| |||| 00| 0 eng d
245 ## - TITLE STATEMENT
Title Globe, UM for a partner campus digital.
260 ## - PUBLICATION, DISTRIBUTION, ETC. (IMPRINT)
Place of publication, distribution, etc. Davao City, Philippines,
Name of publisher, distributor, etc. Sunstar Davao,
Date of publication, distribution, etc. ©2018.
300 ## - PHYSICAL DESCRIPTION
Extent page 15;
Dimensions 29.5cm.
650 ## - SUBJECT ADDED ENTRY--TOPICAL TERM
Topical term or geographic name as entry element University of Mindanao.
9 (RLIN) 42028
942 ## - ADDED ENTRY ELEMENTS (KOHA)
Source of classification or shelving scheme Dewey Decimal Classification
Koha item type Periodicals
Holdings
Withdrawn status Lost status Source of classification or shelving scheme Damaged status Not for loan Collection code Home library Current library Date acquired Total Checkouts Date last seen Price effective from Koha item type Public note
    Dewey Decimal Classification     Periodicals UM Digos College - LIC UM Digos College - LIC 03/06/2020   03/06/2020 03/06/2020 Periodicals Newspaper Clippings